000 00490nam a22001817a 4500
003 LC
005 20160218121732.0
008 121115t xxu||||| |||| 00| 0 eng d
020 _a0340548843
050 _aPZ 7
_b.B661 1991
082 _aFIC
_bB62f 1991
100 _aBlyton, Enid
_94844
245 _aThe famous five :
_bfive on a hike together
_cEnid Blyton
260 _aGraet Britain.
_bHodder Children's Book.
_cc1991.
300 _g18 cm.
_a157 p.
942 _2lcc
_cBK
999 _c1173
_d1173